1000x Landscape Architecture / (Record no. 12336)
[ view plain ]
| 000 -LEADER | |
|---|---|
| fixed length control field | 01396cam a22003497a 4500 |
| 001 - CONTROL NUMBER | |
| control field | 15582132 |
| 005 - DATE AND TIME OF LATEST TRANSACTION | |
| control field | 20090326152531.0 |
| 008 - FIXED-LENGTH DATA ELEMENTS--GENERAL INFORMATION | |
| fixed length control field | 090102s2009 gw ae 001 0 eng |
| 010 ## - LIBRARY OF CONGRESS CONTROL NUMBER | |
| LC control number | 2009378887 |
| 015 ## - NATIONAL BIBLIOGRAPHY NUMBER | |
| National bibliography number | GBA892136 |
| Source | bnb |
| 016 7# - NATIONAL BIBLIOGRAPHIC AGENCY CONTROL NUMBER | |
| Record control number | 014675423 |
| Source | Uk |
| 020 ## - INTERNATIONAL STANDARD BOOK NUMBER | |
| International Standard Book Number | 9783938780602 (hbk.) |
| 035 ## - SYSTEM CONTROL NUMBER | |
| System control number | (OCoLC)ocn213845610 |
| 040 ## - CATALOGING SOURCE | |
| Original cataloging agency | UKM |
| Transcribing agency | UKM |
| Modifying agency | BTCTA |
| -- | BAKER |
| -- | YDXCP |
| -- | OHX |
| -- | OSU |
| -- | PAU |
| -- | DLC |
| 042 ## - AUTHENTICATION CODE | |
| Authentication code | lccopycat |
| 050 00 - LIBRARY OF CONGRESS CALL NUMBER | |
| Classification number | SB472 |
| Item number | .A15 2009 |
| 082 00 - DEWEY DECIMAL CLASSIFICATION NUMBER | |
| Classification number | 712 |
| Edition number | 22 |
| Item number | LAN |
| 245 00 - TITLE STATEMENT | |
| Title | 1000x Landscape Architecture / |
| Statement of responsibility, etc | [selection of projects, Chris van Uffelen ...et al] |
| 246 3# - VARYING FORM OF TITLE | |
| Title proper/short title | One thousand x landscape architecture |
| 246 3# - VARYING FORM OF TITLE | |
| Title proper/short title | Thousand x landscape architecture |
| 250 ## - EDITION STATEMENT | |
| Edition statement | 1st ed. |
| 260 ## - PUBLICATION, DISTRIBUTION, ETC. (IMPRINT) | |
| Place of publication, distribution, etc | [Berlin] : |
| Name of publisher, distributor, etc | Braun, |
| Date of publication, distribution, etc | 2009. |
| 300 ## - PHYSICAL DESCRIPTION | |
| Extent | 1023 p. : |
| Other physical details | col. ill., plans (some col.) ; |
| Dimensions | 34 cm. |
| 500 ## - GENERAL NOTE | |
| General note | "1000 projects on 1000 pages"--P. [4] of cover. |
| 500 ## - GENERAL NOTE | |
| General note | Includes indexes. |
| 650 #0 - SUBJECT ADDED ENTRY--TOPICAL TERM | |
| Topical term or geographic name as entry element | Landscape architecture |
| Form subdivision | Pictorial works. |
| 9 (RLIN) | 7982 |
| 650 #0 - SUBJECT ADDED ENTRY--TOPICAL TERM | |
| Topical term or geographic name as entry element | Landscape architecture |
| Form subdivision | Designs and plans. |
| 9 (RLIN) | 7983 |
| 700 1# - ADDED ENTRY--PERSONAL NAME | |
| Personal name | Uffelen, Chris van. |
| 9 (RLIN) | 7984 |
| 942 ## - ADDED ENTRY ELEMENTS (KOHA) | |
| Source of classification or shelving scheme | Dewey Decimal Classification |
| Item type | Book - Borrowing |
| Withdrawn status | Item status | Source of classification or shelving scheme | Damaged status | Not for loan | Vendor | Home library | Current library | Shelving location | Date acquired | Cost, normal purchase price | Serial Enumeration / chronology | Total Checkouts | Total Renewals | Full call number | Barcode | Date last seen | Date last borrowed | Koha item type |
|---|---|---|---|---|---|---|---|---|---|---|---|---|---|---|---|---|---|---|
| Dewey Decimal Classification | Alahram | Central Library | Central Library | Second Floor | 12/07/2009 | 646.00 | 373 | 7 | 53 | 712 LAN | 000017381 | 12/01/2026 | 29/03/2015 | Book - Borrowing |